000 01536nam a22004217a 4500
001 000096372
003 CHAP
005 20220329143153.0
008 061006d2006 mx r 00110 spa d
010 _a92838
011 _a93810
035 _a104391
040 _cCHAP
090 _aTesis
100 1 _aGarcía Sánchez, Oscar Rafael.
_946650
245 1 3 _aLa influencia del tipo de cambio en la balanza comercial de México 1980-2005 /
_c/por Oscar Rafael García Sánchez.
260 _aChapingo, Méx. :
_bEl autor,
_c2006.
300 _a79 h. : gráfs.; cuadros.; mapa.
502 _aTesis (Lic. en Económia Agrícola) -- UACH. División de Ciencias Economico Administrativas
590 _aALEPH
_b10
_c20130110
_lUCH01
_h1514
590 _aBATCH-UPD
_b10
_c20130110
_lUCH01
_h0708
590 _aBATCH-UPD
_b10
_c20130410
_lUCH01
_h0353
590 _aBATCH-UPD
_b10
_c20130914
_lUCH01
_h0528
590 _aBATCH-UPD
_b10
_c20140324
_lUCH01
_h1459
590 _aBATCH-UPD
_b10
_c20141002
_lUCH01
_h0831
590 _aCONVERSION
_b10
_c20130109
_lUCH01
_h1351
590 _aE11695DGD
_b10
_c20130529
_lUCH01
_h1435
650 1 4 _aBalanza comercial.
_99607
650 1 4 _aComercio
_zMéxico.
_925624
650 1 4 _aTipo de cambio.
_9113390
856 _3Finding aid
_uhttp://10.13.5.2/tesis/104391.pdf
_zTeclea aquí
901 _aBK
905 _aElisama A. H.
942 _cCD
942 _n0
949 _atesis
_bBC
_cTES
_d00000000104391
_eTS1
_h45714
_i104391
_sb
949 _atesis
_bBC
_cTES
_d33724000996195
_eTS2
_fc.2
_h45715
_i104391
_sb
999 _c92838
_d92838